000 00454cam a22001337a 4500
008 180718b2011 xxu||||| |||| 00| 0 eng d
082 _aT42x54 T619
100 _aToor, N.S.
245 _aHandbook of banking information
_cby N S Toor
260 _aNew Delhi
_bSkylark publications
_c2011
650 _aBank and banking -- Information technology -- India
650 _aBank and banking -- Government policy -- India
650 _aBanks and banking -- India
999 _c503119
_d503119